|
|
|
|
| LEADER |
00000nab a2200000 ar4500 |
| 001 |
vtls009008641 |
| 003 |
SK-MaSNL |
| 005 |
20260303065526.0 |
| 008 |
070623c19760510xo wr|||||||||000 b|slo |
| 015 |
|
|
|a SNBRB2007/07
|2 snkbucl
|
| 038 |
|
|
|a SNKBUCL
|
| 040 |
|
|
|a SNKBUCL
|b slo
|c SNKBUCL
|e AACR2
|
| 041 |
0 |
|
|a slo
|
| 044 |
|
|
|a xo
|c SK
|
| 080 |
|
|
|a 796.61.093.1
|2 2001
|
| 245 |
0 |
0 |
|a Prológ: 1. Szozda
|b (v sobotu odštartoval XXIX. ročník Pretekov mieru)
|c Ivan Klč
|
| 300 |
|
|
|b Obr.
|
| 611 |
2 |
7 |
|a Preteky mieru
|n (29. :
|d 1976)
|2 snkbucl
|9 1065698
|
| 650 |
0 |
7 |
|a cyklistika
|2 snkbucl
|9 3263
|
| 773 |
0 |
|
|t Smer
|g (10.5.1976), s. 1 a 6
|
| 852 |
|
|
|a SNK
|b KIS3GCP
|
| 999 |
|
|
|c 1751559
|d 1753489
|